| 000 | 01518cam a22003855a 4500 | ||
|---|---|---|---|
| 001 | 17287254 | ||
| 003 | OSt | ||
| 005 | 20140310181705.0 | ||
| 008 | 120507s1995 nyu j 000 1 eng d | ||
| 010 | _a 2012398154 | ||
| 020 | _a1572970359 | ||
| 020 | _a9781572970359 | ||
| 035 | _a(OCoLC)ocm33215289 | ||
| 040 |
_aEOW _cEOW _dOHI _dOCL _dBTCTA _dDLC |
||
| 042 | _alccopycat | ||
| 050 | 0 | 0 |
_aPZ 7 _b.R521 1996 |
| 082 |
_aKF _bR39sw 1995 |
||
| 100 | 1 |
_aRichardson, Nancy. _95960 |
|
| 245 | 1 | 4 |
_aThe golden globe / _cNancy Richardson. |
| 250 | _aBoulevard ed. | ||
| 260 |
_aNew York : _bBoulevard Books : _bBerkley Pub. Group, _cc1995. |
||
| 300 |
_a122 p. ; _c20 cm. |
||
| 490 | 1 |
_aStar wars. Junior Jedi Knights ; _v[1] |
|
| 500 | _a"Boulevard YA science fiction"--Spine. | ||
| 520 | _aEvery night, Anakin Solo and his friend Tahiri both have the same dream of going down the river by the academy on a raft. In the dream they are drawn by the Force, but for all they know, it could be the dark side! There is only one way to find out for sure. They have to go down the river all by themselves--for real! | ||
| 541 | _j1 | ||
| 562 | _e1 | ||
| 630 | 0 | 0 |
_aStar wars _vJuvenile fiction. _95961 |
| 655 | 7 |
_aScience fiction. _2gsafd _91889 |
|
| 710 | 2 |
_aCopyright Paperback Collection (Library of Congress) _5DLC _9705 |
|
| 830 | 0 |
_aStar wars. _pJunior Jedi Knights ; _v[1]. _95962 |
|
| 906 |
_a0 _bibc _ccopycat _d2 _encip _f20 _gy-genrareb |
||
| 942 |
_2lcc _cBK-KF _kKF |
||
| 999 |
_c1303 _d1303 |
||